000 00553nam a22001577a 4500
003 OSt
008 260606b |||||||| |||| 00| 0 eng d
020 _a9789353872489
082 _a631.4076
_bR23M
100 _aRathod, Sandipkumar V.
245 _aMCQ in Soil Science & Agricultural Chemistry/
_bby Sandipkumar V. Rathod
260 _aDelhi:
_bSatish Serial Publishing House,
_c2025.
300 _aix, 411 p.
650 _aTechnology (Applied Sciences) | Agriculture and Related Technologies | Soil Science | Questions and Answers
942 _2ddc
_cBK
999 _c51602
_d51602